[Event "79th UKR-ch"]
[Site "Alushta UKR"]
[Date "2010.05.05"]
[Round "3"]
[White "Burakovsky, Marat"]
[WhiteElo "2008"]
[Black "Kotyk, Vitalii"]
[BlackElo "1817"]
[Result "1-0"]
[EventDate "2010.05.02"]
[PlyCount "81"]

1. e4 d5 2. exd5 Qxd5 3. Nc3 Qa5 4. d4 Nf6 5. Nf3 Bf5 6. Bd3 Bxd3 7. Qxd3 c6 8.
b4 Qc7 9. a3 e6 10. O-O Bd6 11. Ne4 Nxe4 12. Qxe4 Nd7 13. Qg4 O-O-O 14. c4 f5
15. Qh3 h6 16. c5 Bf4 17. Re1 Bxc1 18. Raxc1 Rde8 19. Nd2 Nf6 20. Nc4 Re7 21.
Nd6+ Kd7 22. Qe3 f4 23. Qb3 Rf8 24. Re2 Ne8 25. Nc4 Rf6 26. Rce1 Kd8 27. Qh3
Qd7 28. Qb3 Qd5 29. Re5 Qd7 30. a4 Nc7 31. Nd6 Ne8 32. Ne4 Rff7 33. b5 Kc8 34.
Qb4 34... g5 $11 35. Rb1 Rf8 36. Nd6+ Nxd6 37. cxd6 Ref7 38. bxc6 Qe8 39. d7+
Qxd7 40. cxd7+ Kxd7 41. Qxb7+ 1-0

[Event "79th UKR-ch"]
[Site "Alushta UKR"]
[Date "2010.05.06"]
[Round "4"]
[White "Kovalov, Dmitro"]
[WhiteElo "2107"]
[Black "Kozel, Roman"]
[BlackElo "2353"]
[Result "1-0"]
[EventDate "2010.05.02"]
[PlyCount "83"]

1. c4 b6 2. Nc3 Bb7 3. d4 e6 4. a3 f5 5. d5 Nf6 6. g3 Na6 7. Bg2 Bd6 8. Nf3 Qe7
9. O-O Nc5 10. dxe6 dxe6 11. b4 Nce4 12. Nb5 O-O 13. Bb2 a6 14. Nxd6 cxd6 15.
Nd4 Ng4 16. Qc1 e5 17. f3 exd4 18. Bxd4 Nef6 19. fxg4 Bxg2 20. Bxf6 Qb7 21. Rf2
Be4 22. Bd4 fxg4 23. Rxf8+ Rxf8 24. Qg5 Qf7 25. Qxg4 Ba8 26. e4 b5 27. cxb5
axb5 28. Re1 g6 29. Qe2 Qf3 30. Qa2+ Qf7 31. Qe2 Qf3 32. Qc2 Qf7 33. h4 h5 34.
Re2 Qf1+ 35. Kh2 Kh7 36. Rd2 g5 37. hxg5 h4 38. Qc7+ Rf7 39. Qxd6 hxg3+ 40.
Qxg3 Kg8 41. g6 Rf4 42. Be5 1-0

[Event "79th UKR-ch"]
[Site "Alushta UKR"]
[Date "2010.05.06"]
[Round "4"]
[White "Volovikov, Anton"]
[WhiteElo "2314"]
[Black "Syvuk, Vitalii"]
[BlackElo "2436"]
[Result "1/2-1/2"]
[EventDate "2010.05.02"]
[PlyCount "223"]

1. e4 d5 2. exd5 Nf6 3. d4 Nxd5 4. c4 Nb6 5. Nc3 e5 6. dxe5 Qxd1+ 7. Nxd1 Nc6
8. Nf3 Bg4 9. Be2 O-O-O 10. Bf4 Bb4+ 11. Nc3 Rhe8 12. O-O Bxc3 13. bxc3 Bxf3
14. Bxf3 Nxe5 15. Be2 Nbxc4 16. Rad1 Rxd1 17. Rxd1 Nd6 18. Kf1 f6 19. Rd4 Ndf7
20. h4 Rd8 21. Ra4 a6 22. g4 Rd6 23. Be3 b5 24. Rb4 Nd3 25. Re4 Nfe5 26. f4 Nc4
27. f5 Nxe3+ 28. Rxe3 Ne5 29. Ke1 Kd7 30. g5 Ke7 31. h5 h6 32. gxh6 gxh6 33. c4
b4 34. c5 Rc6 35. a3 a5 36. axb4 axb4 37. Rb3 Rxc5 38. Rxb4 Nf7 39. Bd3 Rc1+
40. Kd2 Rh1 41. Re4+ Ne5 42. Be2 Rg1 43. Ke3 Rg3+ 44. Kf2 Rg5 45. Rf4 Kd6 46.
Ke3 Rg3+ 47. Kf2 Rg5 48. Ke3 c6 49. Rd4+ Ke7 50. Ra4 Rg7 51. Ra7+ Nd7 52. Ra8
Rh7 53. Bf3 Kd6 54. Re8 Re7+ 55. Rxe7 Kxe7 56. Bxc6 Nb6 57. Kd4 Kd6 58. Bf3 Nc8
59. Bb7 Na7 60. Bf3 Nb5+ 61. Kc4 Na3+ 62. Kb3 Nb5 63. Kc4 Nc7 64. Kd4 Na6 65.
Bb7 Nb8 66. Bf3 Nd7 67. Be4 Ne5 68. Bg2 Nd7 69. Be4 Nc5 70. Bd5 Na6 71. Bb7 Nc7
72. Bf3 Ne8 73. Bd1 Ke7 74. Kc5 Nd6 75. Bc2 Nf7 76. Kc6 Ng5 77. Kc7 Nf3 78. Be4
Nd4 79. Bd3 Nf3 80. Be4 Nd2 81. Bd3 Nb3 82. Bc4 Nc5 83. Be2 Ne4 84. Kc6 Nd6 85.
Bd3 Nc8 86. Kc7 Nd6 87. Kc6 Ne8 88. Be2 Nd6 89. Bd3 Nf7 90. Kc7 Ng5 91. Be2 Nh3
92. Bg4 Nf2 93. Be2 Ne4 94. Kc6 Ng3 95. Bg4 Nf1 96. Be2 Ne3 97. Bd3 Ng2 98. Be2
Nf4 99. Bf3 Nd3 100. Kc7 Ne5 101. Be2 Nf7 102. Kc6 Kd8 103. Bd1 Ke7 104. Be2
Nd6 105. Bd3 Ne8 106. Be2 Kd8 107. Bd1 Ke7 108. Be2 Nd6 109. Bd3 Nf7 110. Kc7
Ng5 111. Be2 Ne4 112. Kc6 1/2-1/2

[Event "79th UKR-ch"]
[Site "Alushta UKR"]
[Date "2010.05.06"]
[Round "4"]
[White "Bortnyk, Olexandr"]
[WhiteElo "2339"]
[Black "Budnikov, Oleg"]
[BlackElo "2391"]
[Result "0-1"]
[EventDate "2010.05.02"]
[PlyCount "122"]

1. e4 e6 2. d4 d5 3. e5 c5 4. Nf3 Nc6 5. Bd3 cxd4 6. O-O Bc5 7. Nbd2 Nge7 8.
Nb3 Bb6 9. Bf4 Ng6 10. Bg3 O-O 11. Re1 f5 12. h3 f4 13. Bh2 Nh4 14. Nxh4 Qxh4
15. Nd2 Bd7 16. Qg4 Qxg4 17. hxg4 Ba5 18. Rad1 Nb4 19. a3 Nxd3 20. cxd3 Rac8
21. b4 Bb6 22. Kf1 Ba4 23. Rc1 Rc3 24. Ke2 Rxa3 25. Ra1 Rxa1 26. Rxa1 Bb5 27.
Rc1 g5 28. f3 Ba4 29. Bg1 Rf7 30. Ra1 Bc2 31. Nb1 Rc7 32. Kd2 Kf7 33. Na3 Ba4
34. Ra2 Rc3 35. Ke2 Rb3 36. Bf2 Rxb4 37. Nc2 Bxc2 38. Rxc2 Ke7 39. Be1 Rb3 40.
Bd2 Kd7 41. g3 fxg3 42. Bxg5 g2 43. Kf2 Rxd3 44. Kxg2 Ba5 45. Rc1 Rc3 46. Rh1
d3 47. Rxh7+ Kc6 48. Rh1 d2 49. Kg3 Rd3 50. Rd1 Kd7 51. Kf2 Bb4 52. Ke2 Rb3 53.
Be3 Bc3 54. f4 a5 55. g5 Ke8 56. g6 Kf8 57. Rg1 Kg7 58. Bc5 Bb4 59. Bb6 d1=Q+
60. Rxd1 Kxg6 61. Bd4 Kf5 0-1

[Event "79th UKR-ch"]
[Site "Alushta UKR"]
[Date "2010.05.06"]
[Round "4"]
[White "Tukhaev, Adam"]
[WhiteElo "2534"]
[Black "Borsuk, Kostyantyn"]
[BlackElo "2319"]
[Result "1-0"]
[EventDate "2010.05.02"]
[PlyCount "165"]

1. e4 e6 2. d4 d5 3. Nd2 Nf6 4. e5 Nfd7 5. c3 c5 6. Bd3 Nc6 7. Ne2 b6 8. a3
Ndb8 9. b4 a6 10. O-O cxd4 11. cxd4 Bd7 12. f4 Ne7 13. Nf3 Nbc6 14. g4 h5 15.
h3 hxg4 16. hxg4 f5 17. exf6 gxf6 18. Ng3 f5 19. Nh5 Ng6 20. Ra2 Qc7 21. Rc2
Kd8 22. Ng5 Kc8 23. Re1 Kb7 24. Nxe6 Qd6 25. Bxf5 Nh4 26. Nf6 Nxf5 27. gxf5
27... Be7 $11 28. Nxd7 Qxd7 29. Qf3 Bf6 30. Be3 Rag8+ 31. Kf1 Rc8 32. Rec1 Kb8
33. Qe2 Rh1+ 34. Kg2 Rxc1 35. Rxc1 Kb7 36. b5 Ne7 37. bxa6+ Ka7 38. Rxc8 Qxc8
39. Qd3 Qg8+ 40. Ng5 Qc8 41. Ne6 Qg8+ 42. Kf1 Qg4 43. Ke1 Nxf5 44. Nc7 Nd6 45.
Nb5+ Nxb5 46. Qxb5 Qg3+ 47. Kd2 Qg2+ 48. Qe2 Qh1 49. Qd3 Qg2+ 50. Kd1 Qb2 51.
f5 b5 52. Bc1 Qa1 53. Qxb5 Qxd4+ 54. Bd2 Qg4+ 55. Kc1 Qc4+ 56. Qxc4 dxc4 57.
Kc2 Kxa6 58. Bc3 Bg5 59. a4 Kb6 60. Kd1 Kc5 61. Ke2 Kd5 62. Kf3 Bd8 63. a5 Kc6
64. a6 Bg5 65. Bd4 c3 66. Be3 Bf6 67. Ke4 Bg7 68. Kd3 Bf6 69. Bf2 Bg7 70. Be1
Kb6 71. Bxc3 Bh6 72. Kc4 Bg5 73. Kd5 Kxa6 74. Ke6 Kb5 75. Bf6 Be3 76. Be7 Bd4
77. Bd6 Kc6 78. Be5 Bc5 79. f6 Bb4 80. f7 Bf8 81. Bf6 Kc7 82. Be7 Bg7 83. Kf5
1-0

[Event "79th UKR-ch"]
[Site "Alushta UKR"]
[Date "2010.05.06"]
[Round "4"]
[White "Polivanov, Anatoliy"]
[WhiteElo "2381"]
[Black "Mazurchak, Bohdan"]
[BlackElo "2184"]
[Result "1/2-1/2"]
[EventDate "2010.05.02"]
[PlyCount "68"]

1. e4 c5 2. Nf3 d6 3. d4 cxd4 4. Nxd4 Nf6 5. Nc3 g6 6. Be3 Bg7 7. f3 Nc6 8. Qd2
O-O 9. g4 h5 10. gxh5 Nxh5 11. O-O-O Bd7 12. Rg1 Rc8 13. Kb1 Kh7 14. Be2 Nxd4
15. Bxd4 Bxd4 16. Qxd4 Nf4 17. e5 Nxe2 18. Nxe2 Qc7 19. Nc3 Bf5 20. exd6 exd6
21. Qh4+ Kg7 22. Qd4+ f6 23. Qxd6 Qxd6 24. Rxd6 Rh8 25. Rd2 Rh3 26. Rg3 Rh4 27.
Nb5 Rxc2 28. Nd6 Rc5+ 29. Nxf5+ Rxf5 30. Rd7+ Kh6 31. Rxb7 a5 32. Rb8 Kg7 33.
Rb7+ Kh6 34. Rb8 Kg7 1/2-1/2

[Event "79th UKR-ch"]
[Site "Alushta UKR"]
[Date "2010.05.06"]
[Round "4"]
[White "Kovalenko, Igor"]
[WhiteElo "2503"]
[Black "Vypkhaniuk, Ihor"]
[BlackElo "2276"]
[Result "1-0"]
[EventDate "2010.05.02"]
[PlyCount "139"]

1. d4 Nf6 2. c4 e6 3. Nf3 c5 4. d5 d6 5. Nc3 exd5 6. cxd5 g6 7. Bf4 Bg7 8. Qa4+
Bd7 9. Qb3 Qc7 10. e4 O-O 11. Nd2 Nh5 12. Be3 f5 13. exf5 gxf5 14. Be2 f4 15.
Bxc5 f3 16. Bxf3 Rxf3 17. Nxf3 Qxc5 18. O-O Na6 19. Rfe1 Qb4 20. Re7 Qxb3 21.
axb3 Nf6 22. Nd4 Re8 23. Rxe8+ Nxe8 24. Ne6 Bf6 25. f4 Ng7 26. Ne4 Be7 27. Nxg7
Kxg7 28. Kf2 Bf5 29. Nc3 Bd8 30. Kf3 h5 31. Nb5 Bg4+ 32. Kg3 Be7 33. h3 Bd7 34.
Nc3 h4+ 35. Kf3 Bf6 36. b4 Nxb4 37. Rxa7 Bc8 38. Nb5 Be7 39. Ke4 Na6 40. Nd4
Nc5+ 41. Ke3 Na6 42. Nc6 Bf6 43. Na5 Nc7 44. Nxb7 Nb5 45. Ra5 Bd7 46. Ra2 Kf7
47. Na5 Nc7 48. Ke4 Nxd5 49. Nc4 Nb4 50. Ra7 d5+ 51. Kf3 dxc4 52. Rxd7+ Ke6 53.
Rd2 Nd3 54. b3 c3 55. f5+ Ke7 56. Rxd3 c2 57. Re3+ Kf7 58. Re1 Bg5 59. Kg4 Bd2
60. Rf1 c1=Q 61. Rxc1 Bxc1 62. Kxh4 Kf6 63. g4 Bd2 64. Kg3 Ke5 65. Kf3 Kd4 66.
h4 Be1 67. g5 Ke5 68. Kg4 Bb4 69. h5 Kd6 70. h6 1-0

[Event "79th UKR-ch"]
[Site "Alushta UKR"]
[Date "2010.05.06"]
[Round "4"]
[White "Stolpovskyi, Serhii"]
[WhiteElo "2187"]
[Black "Nikolaev, Leonid"]
[BlackElo "2334"]
[Result "0-1"]
[EventDate "2010.05.02"]
[PlyCount "86"]

1. d4 Nf6 2. c4 g6 3. Nc3 Bg7 4. e4 O-O 5. Nf3 d6 6. Be2 c5 7. d5 e6 8. Bg5 h6
9. Be3 exd5 10. exd5 Bf5 11. Bd3 Bxd3 12. Qxd3 Ng4 13. O-O Nxe3 14. Qxe3 Nd7
15. Rfe1 Qb6 16. b3 Ne5 17. Nxe5 Bxe5 18. Rac1 Rae8 19. g3 Qa5 20. Red1 a6 21.
Qd2 Kg7 22. Kg2 b5 23. Nb1 Qd8 24. Na3 Qf6 25. Nc2 Bb2 26. Rb1 Bc3 27. Qd3 b4
28. Ne3 h5 29. h4 Re7 30. Rbc1 Rfe8 31. Rc2 a5 32. Nf1 Re4 33. Nh2 Rd4 34. Qf1
Qe5 35. Rxd4 cxd4 36. Qd3 Qe4+ 37. Qxe4 Rxe4 38. Nf1 Re1 39. f4 d3 40. Rf2 Kf6
41. Kf3 Bd4 42. Rd2 Rxf1+ 43. Ke4 Bc5 0-1

[Event "79th UKR-ch"]
[Site "Alushta UKR"]
[Date "2010.05.06"]
[Round "4"]
[White "Dolzhykova, Kateryna"]
[WhiteElo "2300"]
[Black "Tantsiura, Maria"]
[BlackElo "2011"]
[Result "1/2-1/2"]
[EventDate "2010.05.02"]
[PlyCount "102"]

1. e4 c5 2. Nf3 d6 3. d4 cxd4 4. Qxd4 Nc6 5. Bb5 Bd7 6. Bxc6 Bxc6 7. Nc3 Nf6 8.
Bg5 h6 9. Bh4 g5 10. Bg3 Bg7 11. Qd3 Qb6 12. O-O O-O 13. Nd2 Rad8 14. Nc4 Qa6
15. Ne3 Qxd3 16. cxd3 e6 17. f3 Nh5 18. Kh1 b5 19. Nc2 a5 20. a3 Nxg3+ 21. hxg3
Rb8 22. Rab1 Rfc8 23. Rfc1 d5 24. Ne2 dxe4 25. Ncd4 Be8 26. dxe4 Rxc1+ 27. Rxc1
Rd8 28. e5 Bxe5 29. Rd1 Bg7 30. f4 gxf4 31. gxf4 f6 32. Rc1 Bd7 33. Rc7 e5 34.
fxe5 fxe5 35. Nb3 Bg4 36. Nc3 e4 37. Re7 b4 38. axb4 axb4 39. Nxe4 Rd1+ 40. Kh2
Kf8 41. Rxg7 Kxg7 42. Nf2 Rb1 43. Nxg4 Rxb2 44. Nd4 b3 45. Nxb3 Rxb3 46. Ne5
Kf6 47. Nf3 Rd3 48. Kg3 Kf5 49. Kh4 Kf4 50. Kh5 Rd6 51. Nh4 Rf6 1/2-1/2

[Event "79th UKR-ch"]
[Site "Alushta UKR"]
[Date "2010.05.06"]
[Round "4"]
[White "Stratulat, Sergey"]
[WhiteElo "2236"]
[Black "Kurochkin, Valerii"]
[BlackElo "2369"]
[Result "1-0"]
[EventDate "2010.05.02"]
[PlyCount "111"]

1. e4 e6 2. d3 d5 3. Nd2 c5 4. g3 Nc6 5. Bg2 g6 6. h4 Bg7 7. h5 Nge7 8. c3 f5
9. exf5 exf5 10. Qe2 Qd6 11. Ndf3 Qe6 12. hxg6 hxg6 13. Rxh8+ Bxh8 14. Bg5
Qxe2+ 15. Nxe2 Be6 16. Nf4 Bg8 17. Kd2 Kd7 18. Re1 Re8 19. Bh3 Bf7 20. g4 Kd6
21. Bxe7+ Nxe7 22. Ng5 Bg8 23. Nxg6 Bf6 24. f4 fxg4 25. Bxg4 b5 26. Ne5 Rf8 27.
Nd7 Bxc3+ 28. bxc3 Rxf4 29. Ne5 Nc6 30. Nh3 Ra4 31. Nxc6 Rxa2+ 32. Ke3 Kxc6 33.
Nf4 Ra3 34. Bf3 Rxc3 35. Rg1 Bh7 36. Rh1 Bf5 37. Rh5 Be4 38. Rh6+ Kd7 39. Bg4+
Kc7 40. Kd2 Ra3 41. dxe4 dxe4 42. Ne6+ Kb6 43. Ng5+ Ka5 44. Nxe4 Kb4 45. Bd1 c4
46. Rh5 Rd3+ 47. Kc2 Ra3 48. Kb2 Rd3 49. Bc2 Rf3 50. Rh7 a6 51. Rh5 Re3 52. Nc5
Ka5 53. Rh6 b4 54. Nxa6 Re2 55. Nc7 b3 56. Ka3 1-0

[Event "79th UKR-ch"]
[Site "Alushta UKR"]
[Date "2010.05.06"]
[Round "4"]
[White "Avetisyan, Tyhran"]
[WhiteElo "1959"]
[Black "Vdovichenko, Vladislav"]
[BlackElo "2220"]
[Result "1/2-1/2"]
[EventDate "2010.05.02"]
[PlyCount "171"]

1. d4 d5 2. c4 e5 3. dxe5 d4 4. Nf3 Nc6 5. a3 Nge7 6. b4 Ng6 7. Bb2 a5 8. b5
Ncxe5 9. Nxe5 Nxe5 10. e3 Be6 11. Bxd4 Nxc4 12. Qc2 Nd6 13. Nc3 Nf5 14. Rd1
Nxd4 15. Rxd4 Qe7 16. b6 Qc5 17. bxc7 Bd6 18. Qd2 Bxc7 19. Bb5+ Kf8 20. O-O Be5
21. Rd8+ Ke7 22. Rd7+ Bxd7 23. Qxd7+ Kf8 24. Na4 Qd6 25. Qxd6+ Bxd6 26. Nb6 Rd8
27. a4 Bc7 28. Nd7+ Ke7 29. Nc5 b6 30. Nb3 Be5 31. g3 $11 31... Rc8 32. Nd2 Bd6
33. Nc4 Bc5 34. Rc1 f6 35. Kf1 Rhd8 36. Ke2 Bb4 37. Rb1 Bc5 38. Rc1 Rc7 39. Nb2
Rdc8 40. Nc4 Ba3 41. Rc2 Bb4 42. Rc1 Rc5 43. Ba6 R8c6 44. h3 Rc7 45. Kd3 Rd5+
46. Ke2 Rd2+ 47. Kf3 Ra2 48. Bb5 Rc8 49. h4 Rc5 50. Kg2 Rf5 51. Rf1 Rxb5 52.
axb5 Bc5 53. Rc1 Ra4 54. Kf3 Ra2 55. Rc3 Ra1 56. Rc2 Rb1 57. Nxa5 Rxb5 58. Nb7
Bd6 59. Nxd6 Kxd6 60. Ke4 Re5+ 61. Kd4 Rd5+ 62. Ke4 Re5+ 63. Kd4 Rd5+ 64. Ke4
Ra5 65. Rc8 Ra2 66. Rh8 g6 67. g4 Ra4+ 68. Kf3 h5 69. gxh5 Rxh4 70. h6 Kc5 71.
h7 Kb5 72. Kg3 Rh5 73. e4 Rg5+ 74. Kf4 Rh5 75. Ke3 g5 76. f3 Rh2 77. Kd3 Kb4
78. Rb8 Rxh7 79. Rxb6+ Kc5 80. Rxf6 Rg7 81. Ke3 Kc4 82. Rf5 g4 83. f4 Ra7 84.
e5 Kd5 85. Rg5 Ra3+ 86. Kf2 1/2-1/2

[Event "79th UKR-ch"]
[Site "Alushta UKR"]
[Date "2010.05.06"]
[Round "4"]
[White "Strygin, Alexandr"]
[WhiteElo "2261"]
[Black "Rybakov, Serhii"]
[BlackElo "2034"]
[Result "1/2-1/2"]
[EventDate "2010.05.02"]
[PlyCount "64"]

1. e4 c5 2. Nf3 Nc6 3. d4 cxd4 4. Nxd4 Nf6 5. Nc3 e5 6. Ndb5 d6 7. Bg5 a6 8.
Na3 b5 9. Nd5 Be7 10. Bxf6 Bxf6 11. c3 Bg5 12. Nc2 O-O 13. a4 bxa4 14. Rxa4 Bb7
15. Bd3 Ne7 16. Nce3 Bxe3 17. Nxe3 Bc6 18. Ra3 d5 19. O-O dxe4 20. Bxa6 Qb8 21.
Qe2 Ng6 22. Rfa1 Ra7 23. Bc4 Rd7 24. g3 Kh8 25. b4 Qd8 26. R1a2 Nf4 27. Qf1 f5
28. Bb5 Bxb5 29. Qxb5 Rd1+ 30. Nxd1 Qxd1+ 31. Qf1 Nh3+ 32. Kg2 Nf4+ 1/2-1/2

[Event "79th UKR-ch"]
[Site "Alushta UKR"]
[Date "2010.05.06"]
[Round "4"]
[White "Belous, Mikhail"]
[WhiteElo "1806"]
[Black "Berezka, Alexandr"]
[BlackElo "2145"]
[Result "0-1"]
[EventDate "2010.05.02"]
[PlyCount "56"]

1. d4 d5 2. c4 e6 3. Nc3 c6 4. e3 f5 5. Nf3 Bd6 6. Bd3 Nf6 7. O-O O-O 8. Qc2
Ne4 9. Ne1 Qc7 10. g3 Nd7 11. f3 Ng5 12. e4 fxe4 13. fxe4 Rxf1+ 14. Bxf1 Nxe4
15. Nxe4 dxe4 16. Bg2 e5 17. Be3 Nf6 18. Bxe4 exd4 19. Bxd4 Be5 20. Bxe5 Qxe5
21. Bg2 Be6 22. c5 Ng4 23. Qc3 Qe2 24. Qd4 Rf8 25. Nd3 Ne3 26. Qe4 Bd5 27. Re1
Qxe1+ 28. Nxe1 Bxe4 0-1

[Event "79th UKR-ch"]
[Site "Alushta UKR"]
[Date "2010.05.06"]
[Round "4"]
[White "Baranov, Yuriy"]
[WhiteElo "2170"]
[Black "Harnazhenko, Dmytro"]
[BlackElo "1969"]
[Result "0-1"]
[EventDate "2010.05.02"]
[PlyCount "80"]

1. d4 f5 2. Nc3 d5 3. Bf4 Nf6 4. e3 a6 5. Nf3 e6 6. Bd3 c5 7. dxc5 Bxc5 8. O-O
O-O 9. h3 Nc6 10. Ne5 Ne4 11. Nxe4 fxe4 12. Be2 Qf6 13. Nxc6 bxc6 14. c3 a5 15.
Qc2 e5 16. Bg3 Qg6 17. Kh2 Re8 18. Qd1 Re7 19. Qd2 Be6 20. Bxe5 Bxh3 21. Bg3
Be6 22. Rh1 Rb7 23. Kg1 Be7 24. Rb1 a4 25. Bd1 Qf7 26. Qe2 Bf6 27. Bd6 Bxc3 28.
Qc2 Bf6 29. Qxc6 Rc8 30. Qxa4 Rxb2 31. Rxb2 Bxb2 32. Ba3 Bc3 33. Qa6 Be1 34.
Qe2 Ra8 35. Qxe1 Rxa3 36. Bb3 Ra8 37. Qd2 Rb8 38. Qd4 Rc8 39. Qd2 Qf6 40. Bxd5
Qa1+ 0-1

[Event "79th UKR-ch"]
[Site "Alushta UKR"]
[Date "2010.05.06"]
[Round "4"]
[White "Burakovsky, Marat"]
[WhiteElo "2008"]
[Black "Evdokimov, Alexander"]
[BlackElo "2191"]
[Result "0-1"]
[EventDate "2010.05.02"]
[PlyCount "118"]

1. e4 e6 2. Qe2 Be7 3. f4 d5 4. d3 c5 5. Nf3 Nf6 6. Nc3 d4 7. Nd1 Nc6 8. g3 Qc7
9. Bg2 b6 10. Nf2 h5 11. a3 Ba6 12. Ng5 Nd7 13. Bd2 h4 14. g4 Bxg5 15. fxg5
Nde5 16. Nh3 Ng6 17. O-O e5 18. Rf5 Bc8 19. Qf3 Be6 20. Rf1 O-O 21. Kh1 Qd7 22.
Qf2 Rac8 23. Ng1 Nce7 24. Bh3 c4 25. Nf3 cxd3 26. cxd3 Rc2 27. Nxe5 Nxe5 28.
Rxe5 Ng6 29. Rf5 Rxb2 30. Bg2 Qa4 31. Qe1 Qc2 32. R5f2 Qxd3 33. Bb4 Rxf2 34.
Rxf2 Rd8 35. h3 a5 36. Rf3 Qc2 37. Bd2 Ne5 38. Rf1 Nc4 39. Bf4 d3 40. Qxh4 g6
41. Qe1 d2 42. Qd1 Qd3 43. Rf2 Qxa3 44. Bf3 Ne3 45. Rxd2 Rxd2 46. Qxd2 Qa1+ 47.
Bd1 Qxd1+ 48. Qxd1 Nxd1 49. Bc7 Nf2+ 50. Kg2 Nxe4 51. Bxb6 a4 52. h4 a3 53. Kf3
a2 54. Bd4 Nd2+ 55. Kf4 Nb3 56. Bb2 a1=Q 57. Bxa1 Nxa1 58. h5 Nb3 59. h6 Nc1
0-1

[Event "79th UKR-ch"]
[Site "Alushta UKR"]
[Date "2010.05.06"]
[Round "4"]
[White "Omelia, Artem"]
[WhiteElo "2231"]
[Black "Kalinina, Marianna"]
[BlackElo "1979"]
[Result "1-0"]
[EventDate "2010.05.02"]
[PlyCount "73"]

1. d4 Nf6 2. c4 c5 3. d5 e6 4. Nc3 exd5 5. cxd5 d6 6. e4 g6 7. h3 Bg7 8. Nf3
O-O 9. Bd3 b6 10. O-O Ba6 11. Re1 Re8 12. Bf4 Bxd3 13. Qxd3 a6 14. a4 Ra7 15.
Re2 Rae7 16. Rae1 Nh5 17. Bh2 Nf6 18. Nd2 Rd7 19. Nc4 Bf8 20. Nxd6 Bxd6 21.
Bxd6 Rxd6 22. e5 Rxe5 23. Rxe5 Nbd7 24. Re7 Kg7 25. Qg3 Nf8 26. Qe5 Kg8 27. Rb7
h6 28. Qe7 Qxe7 29. Rexe7 N8d7 30. Ne4 Kf8 31. Nxd6 Kxe7 32. Nc8+ Ke8 33. Nxb6
Nxb6 34. Rxb6 Nxd5 35. Rxa6 Nb4 36. Ra7 Nd3 37. b3 1-0

[Event "79th UKR-ch"]
[Site "Alushta UKR"]
[Date "2010.05.06"]
[Round "4"]
[White "Varchenko, Hryhorii"]
[WhiteElo "2141"]
[Black "Barantseva, Oleksandra"]
[BlackElo "1855"]
[Result "1/2-1/2"]
[EventDate "2010.05.02"]
[PlyCount "60"]

1. Nf3 c5 2. c4 Nf6 3. g3 g6 4. b3 Bg7 5. Bb2 O-O 6. Bg2 Nc6 7. O-O d5 8. cxd5
Nxd5 9. Bxg7 Kxg7 10. Qc2 b6 11. Nc3 Bb7 12. Nxd5 Qxd5 13. Qc3+ Kg8 14. Ne5 Nd4
15. Bxd5 Nxe2+ 16. Kg2 Bxd5+ 17. f3 Nxc3 18. dxc3 f6 19. Ng4 Rad8 20. Rad1 Bc6
21. Kf2 Kf7 22. f4 Rd6 23. Ke3 h5 24. Ne5+ Ke6 25. Rxd6+ exd6 26. Nxc6 Kd7 27.
Nd4 Re8+ 28. Kd3 cxd4 29. cxd4 d5 30. Rc1 30... Re4 $11 1/2-1/2

[Event "79th UKR-ch"]
[Site "Alushta UKR"]
[Date "2010.05.06"]
[Round "4"]
[White "Horoshkova, Lyudmyla"]
[WhiteElo "1963"]
[Black "Savvopulo, Anatoly"]
[BlackElo "2100"]
[Result "1-0"]
[EventDate "2010.05.02"]
[PlyCount "91"]

1. d4 d5 2. c4 c6 3. Nc3 e6 4. Nf3 Nf6 5. Bg5 Nbd7 6. e3 Bb4 7. cxd5 exd5 8.
Bd3 O-O 9. O-O Re8 10. Qc2 Be7 11. Rab1 h6 12. Bh4 Ne4 13. Bxe7 Qxe7 14. b4 a6
15. a4 Nb6 16. Ne2 Bg4 17. Ne5 Bxe2 18. Bxe2 f6 19. Nf3 Rec8 20. Rfc1 Nd6 21.
Bd3 Nbc4 22. Nh4 g5 23. Nf5 Nxf5 24. Bxf5 Rc7 25. Qe2 Nd6 26. Bd3 f5 27. Qh5
Kg7 28. Qf3 Rf8 29. b5 axb5 30. axb5 Ne4 31. Bxe4 dxe4 32. Qe2 c5 33. b6 Rcc8
34. Qb2 cxd4 35. Qxd4+ Kg6 36. h3 Rfd8 37. Qb2 Qf6 38. Qb5 Rc3 39. Qb2 Rdc8 40.
Rxc3 Qxc3 41. Qb5 Qc6 42. Qe5 Qf6 43. Qd5 Rc6 44. Qg8+ Qg7 45. Qe8+ Qf7 46.
Qxc6+ 1-0

[Event "79th UKR-ch"]
[Site "Alushta UKR"]
[Date "2010.05.06"]
[Round "4"]
[White "Matiushyn, Oleh"]
[WhiteElo "2168"]
[Black "Roshchupkin, Volodymyr"]
[BlackElo "1961"]
[Result "1/2-1/2"]
[EventDate "2010.05.02"]
[PlyCount "50"]

1. d4 Nf6 2. Nf3 e6 3. c4 c5 4. g3 cxd4 5. Nxd4 Nc6 6. Bg2 Qb6 7. Nc2 Be7 8.
O-O d5 9. Nd2 d4 10. Nb3 e5 11. e3 dxe3 12. Nxe3 O-O 13. Nd5 Nxd5 14. cxd5 Nb4
15. Be3 Qg6 16. Bc5 Bxc5 17. Nxc5 Bf5 18. Qa4 Nc2 19. Rad1 b6 20. Ne4 Nd4 21.
Rfe1 a5 22. Rd2 Bg4 23. Rxd4 exd4 24. Qxd4 f5 25. Nd2 Qf6 1/2-1/2

[Event "79th UKR-ch"]
[Site "Alushta UKR"]
[Date "2010.05.06"]
[Round "4"]
[White "Petrova, Irina"]
[WhiteElo "2013"]
[Black "Kalinina, Olga"]
[BlackElo "2254"]
[Result "1-0"]
[EventDate "2010.05.02"]
[PlyCount "123"]

1. d4 Nf6 2. Nf3 e6 3. Bf4 b6 4. e3 Bb7 5. Nbd2 d6 6. Bd3 Be7 7. c3 Nbd7 8. Qc2
c5 9. h3 a6 10. Bh2 O-O 11. O-O Rc8 12. Rac1 cxd4 13. exd4 b5 14. Ne4 Qb6 15.
Nfg5 h6 16. Nxf6+ Nxf6 17. Nh7 Qc6 18. f3 Rfd8 19. Nxf6+ Bxf6 20. Bh7+ Kh8 21.
Be4 Qb6 22. Qd2 Rc7 23. Kh1 a5 24. Bg1 Qa6 25. Be3 Kg8 26. Bb1 Rdc8 27. Qd3 Bd5
28. Rfe1 Qb7 29. Bf4 Qb6 30. b3 a4 31. Qh7+ Kf8 32. Be4 Bxe4 33. fxe4 e5 34.
dxe5 dxe5 35. Be3 Qe6 36. b4 Qxa2 37. Bc5+ Rxc5 38. bxc5 Ke7 39. Rcd1 Qf2 40.
Rf1 Qxc5 41. Rd5 Qc6 42. Rfd1 a3 43. Qf5 Ra8 44. Rd7+ Ke8 45. Qh7 Qc5 46. R1d6
Qxd6 47. Rxd6 Ke7 48. Rd1 a2 49. Ra1 Bg5 50. Qf5 Bf4 51. Qg4 Ra3 52. Qc8 Rb3
53. Qc5+ Ke8 54. Qc8+ Ke7 55. Qb7+ Ke8 56. Qa8+ Ke7 57. Qxa2 Rxc3 58. Qb2 Re3
59. Qxb5 g6 60. Qb4+ Kf6 61. h4 Rd3 62. Qf8 1-0

[Event "79th UKR-ch"]
[Site "Alushta UKR"]
[Date "2010.05.06"]
[Round "4"]
[White "Andrieiev, Volodymyr"]
[WhiteElo "1999"]
[Black "Maslov, Valentin"]
[BlackElo "2116"]
[Result "1-0"]
[EventDate "2010.05.02"]
[PlyCount "57"]

1. e4 e6 2. d4 d5 3. e5 c5 4. c3 Nc6 5. Nf3 a6 6. a3 c4 7. b4 Bd7 8. g4 Be7 9.
h4 h6 10. Bg2 b6 11. Be3 Qc7 12. Nbd2 f6 13. Qc2 O-O-O 14. a4 fxe5 15. b5 Nb8
16. Nxe5 Be8 17. Ke2 Nf6 18. bxa6 Nxa6 19. Rhb1 Bd6 20. Qb2 Nd7 21. a5 bxa5 22.
Rxa5 Ndb8 23. Ndxc4 Bb4 24. cxb4 dxc4 25. Rc1 Rd5 26. Rxc4 Bc6 27. Nxc6 Nxc6
28. Rxa6 Nxd4+ 29. Qxd4 1-0

[Event "79th UKR-ch"]
[Site "Alushta UKR"]
[Date "2010.05.06"]
[Round "4"]
[White "Panakhova, Olena"]
[WhiteElo "2023"]
[Black "Chernoukhov, Oleksandr"]
[BlackElo "1837"]
[Result "1/2-1/2"]
[EventDate "2010.05.02"]
[PlyCount "68"]

1. e4 c5 2. Nf3 Nf6 3. d3 d6 4. g3 Nc6 5. Bg2 g6 6. O-O Bg7 7. Nbd2 Rb8 8. a4
O-O 9. Nc4 Qc7 10. c3 h6 11. Qe2 Be6 12. e5 Ng4 13. exd6 exd6 14. Ne3 Rfe8 15.
h3 Nge5 16. Nxe5 dxe5 17. Ng4 h5 18. Nh2 Qd7 19. g4 hxg4 20. hxg4 Rbd8 21. Be3
b6 22. Bg5 f6 23. Qf3 Bd5 24. Qxd5+ Qxd5 25. Bxd5+ Rxd5 26. Be3 Rxd3 27. Nf3
Red8 28. Kg2 c4 29. Ne1 R3d6 30. Nc2 R8d7 31. Kf3 f5 32. Rae1 f4 33. Bc1 Rd3+
34. Ke2 Bf8 1/2-1/2

[Event "79th UKR-ch"]
[Site "Alushta UKR"]
[Date "2010.05.07"]
[Round "5"]
[White "Yakymov, Volodymyr"]
[WhiteElo "2476"]
[Black "Volovikov, Anton"]
[BlackElo "2314"]
[Result "1-0"]
[EventDate "2010.05.02"]
[PlyCount "113"]

1. e4 c5 2. c3 e6 3. d4 d5 4. exd5 exd5 5. Nf3 Nc6 6. Bb5 a6 7. Bxc6+ bxc6 8.
O-O Bd6 9. Ne5 Ne7 10. Bg5 Qb6 11. dxc5 Bxc5 12. b4 Bd6 13. Nc4 Bxh2+ 14. Kxh2
Qc7+ 15. f4 dxc4 16. Bxe7 Kxe7 17. Nd2 Rd8 18. Qe2+ Kf8 19. Nxc4 Bf5 20. Qe5
Qxe5 21. Nxe5 Rd2 22. Nf3 Rd3 23. Rac1 a5 24. Rf2 axb4 25. cxb4 Be4 26. Ne5
Rda3 27. Nd7+ Kg8 28. f5 f6 29. Rf4 Re3 30. Rf2 Rea3 31. Rf4 Re3 32. Rf2 Raa3
33. Nb6 Ra7 34. a4 Rb3 35. Rc4 Bd3 36. Rd4 Ra6 37. Nd7 Rxa4 38. Nc5 Raxb4 39.
Rd8+ Kf7 40. Nxd3 Rh4+ 41. Kg3 Re4 42. Rf3 Rb5 43. Rc8 Rc4 44. Rc7+ Kg8 45. Re3
h5 46. Rf3 Rg4+ 47. Kh2 Rg5 48. Nf4 Rgxf5 49. Ne6 g5 50. Rc3 Rb8 51. R3xc6 Re5
52. Nc5 Re2 53. Rxf6 Rbb2 54. Rg6+ Kh8 55. Rxg5 h4 56. Nd3 Rb1 57. Rc4 1-0